=LDR 00000nam 2200000 4500 =001 NUTBA000000000000019 =005 20140313164840.0 =006 =007 =008 =020 ##$$a 979-691-197-3 =035 ##$$a 0010-031400000000018 =082 ##$$a 650.151 =100 ##$$a Hansen =245 ##$$a Management accounting $b Akuntansi manajemen =260 ##$$a Jakarta $b Salemba empat $c 2004 =300 ##$$a 569 hlm $b Ilus $c 25 cm. =990 ##$$a 90445/BPAP-NTB/2014 =990 ##$$a 92712/BPAP-NTB/2014